Introduction to Theory of Computation (Record no. 12489)

MARC details
000 -LEADER
fixed length control field 00454nam a22001697a 4500
003 - CONTROL NUMBER IDENTIFIER
control field OSt
008 - FIXED-LENGTH DATA ELEMENTS--GENERAL INFORMATION
fixed length control field 240413b |||||||| |||| 00| 0 eng d
020 ## - INTERNATIONAL STANDARD BOOK NUMBER
International Standard Book Number 9789386235756
082 ## - DEWEY DECIMAL CLASSIFICATION NUMBER
Classification number 511.332
Item number SAI
100 ## - MAIN ENTRY--PERSONAL NAME
Personal name SARKAR, Bikash Kanti and KUMAR, Ambuj
245 ## - TITLE STATEMENT
Title Introduction to Theory of Computation
250 ## - EDITION STATEMENT
Edition statement Ist. ed.
260 ## - PUBLICATION, DISTRIBUTION, ETC. (IMPRINT)
Place of publication, distribution, etc Telangana
Name of publisher, distributor, etc Universities Press (India) Pvt. Ltd.
Date of publication, distribution, etc 2019
300 ## - PHYSICAL DESCRIPTION
Extent 398 p.
650 ## - SUBJECT ADDED ENTRY--TOPICAL TERM
Topical term or geographic name as entry element BCA
942 ## - ADDED ENTRY ELEMENTS (KOHA)
Source of classification or shelving scheme Dewey Decimal Classification
Koha item type Text Books
Holdings
Withdrawn status Lost status Source of classification or shelving scheme Damaged status Not for loan Collection code Home library Current library Date acquired Source of acquisition Currency Cost, normal purchase price Bill Number Total Checkouts Full call number Acc. no. / Barcode Date last seen Actual Cost, discounted price Bill Date Koha item type
    Dewey Decimal Classification     BCA PIET C-LIBRARY PIET C-LIBRARY 27/03/2024 Zafaa Books & Distributors In Rupees 800.00 ZBD0470   511.3 SAI BC2339 13/04/2024 560.00 27/03/2024 Reference Books
    Dewey Decimal Classification     BCA PIET C-LIBRARY PIET C-LIBRARY 27/03/2024 Zafaa Books & Distributors In Rupees 800.00 ZBD0470   511.3 SAI BC2340 13/04/2024 560.00 27/03/2024 Text Books
    Dewey Decimal Classification     BCA PIET C-LIBRARY PIET C-LIBRARY 27/03/2024 Zafaa Books & Distributors In Rupees 800.00 ZBD0470   511.3 SAI BC2341 13/04/2024 560.00 27/03/2024 Text Books
    Dewey Decimal Classification     BCA PIET C-LIBRARY PIET C-LIBRARY 27/03/2024 Zafaa Books & Distributors In Rupees 800.00 ZBD0470   511.3 SAI BC2342 13/04/2024 560.00 27/03/2024 Text Books
    Dewey Decimal Classification     BCA PIET C-LIBRARY PIET C-LIBRARY 27/03/2024 Zafaa Books & Distributors In Rupees 800.00 ZBD0470   511.3 SAI BC2343 13/04/2024 560.00 27/03/2024 Text Books
    Dewey Decimal Classification     BCA PIET C-LIBRARY PIET C-LIBRARY 27/03/2024 Zafaa Books & Distributors In Rupees 800.00 ZBD0470   511.3 SAI BC2344 13/04/2024 560.00 27/03/2024 Text Books
    Dewey Decimal Classification     BCA PIET C-LIBRARY PIET C-LIBRARY 27/03/2024 Zafaa Books & Distributors In Rupees 800.00 ZBD0470   511.3 SAI BC2345 13/04/2024 560.00 27/03/2024 Text Books
    Dewey Decimal Classification     BCA PIET C-LIBRARY PIET C-LIBRARY 27/03/2024 Zafaa Books & Distributors In Rupees 800.00 ZBD0470   511.3 SAI BC2346 13/04/2024 560.00 27/03/2024 Text Books
    Dewey Decimal Classification     BCA PIET C-LIBRARY PIET C-LIBRARY 27/03/2024 Zafaa Books & Distributors In Rupees 800.00 ZBD0470   511.3 SAI BC2347 13/04/2024 560.00 27/03/2024 Text Books
    Dewey Decimal Classification     BCA PIET C-LIBRARY PIET C-LIBRARY 27/03/2024 Zafaa Books & Distributors In Rupees 800.00 ZBD0470   511.3 SAI BC2348 13/04/2024 560.00 27/03/2024 Text Books

Design & Developed by: PIET Central Library
R70 Miles Stone Pattikalyana Samalkha Panipat 132102
mail ID :- [email protected], Phone No:- 0180-2569700 Ex.216